[Event "CAN-op U2200"]
[Site "Sault Ste Marie CAN"]
[Date "2017.07.12"]
[Round "4"]
[White "Kuryliw, Ray"]
[Black "Chernik, Dmitry"]
[Result "0-1"]
[WhiteElo "1838"]
[BlackElo "2041"]
[WhiteFideId "-1"]
[WhiteFideId "-1"]
[PlyCount "144"]
[GameId "2160767908344274"]
[EventDate "2017.07.08"]
[EventType "swiss"]
[EventRounds "9"]
[EventCountry "CAN"]
[SourceTitle "EXT 2022"]
[Source "ChessBase"]
[SourceDate "2021.10.06"]
[SourceVersion "1"]
[SourceVersionDate "2021.10.06"]
[SourceQuality "1"]

1. f4 d5 2. Nf3 g6 3. e3 Bg7 4. Nc3 Nf6 5. b3 O-O 6. Bb2 c5 7. Be2 Nc6 8. O-O Re8 9. Qe1 Bf5 10. Bd1 d4 11. exd4 Nxd4 12. d3 Nd5 13. Nxd5 Qxd5 14. Ne5 Rad8 15. Kh1 h5 16. Qf2 Bxe5 17. fxe5 Qxe5 18. Bxd4 Qxd4 19. Qxd4 Rxd4 20. Bxh5 Bxd3 21. cxd3 gxh5 22. Rf5 Rxd3 23. Rxc5 Red8 24. h3 R3d5 25. Rc7 R8d7 26. Rac1 Kg7 27. Kh2 Kg6 28. R1c3 f6 29. a4 e5 30. b4 a6 31. Kg3 Rd4 32. b5 Rxc7 33. Rxc7 Rxa4 34. Rxb7 h4+ 35. Kf2 a5 36. b6 Kf5 37. Rh7 Ra2+ 38. Kf1 Rb2 39. Rxh4 Rxb6 40. Ra4 Ra6 41. Kf2 Kg5 42. g3 f5 43. h4+ Kh5 44. Kf3 Ra7 45. Ke3 Kg6 46. g4 Kf6 47. gxf5 Kxf5 48. h5 Ra6 49. h6 Rxh6 50. Rxa5 Rh3+ 51. Ke2 Kf4 52. Ra4+ e4 53. Ra8 Rh2+ 54. Ke1 Rb2 55. Ra7 Kf3 56. Rf7+ Ke3 57. Kd1 Rd2+ 58. Kc1 Ra2 59. Kd1 Ra1+ 60. Kc2 Ke2 61. Rh7 Rf1 62. Re7 e3 63. Re8 Rf7 64. Re6 Rc7+ 65. Kb3 Kd2 66. Rd6+ Ke1 67. Rh6 Rf7 68. Kc2 e2 69. Rh1+ Kf2 70. Rh2+ Kf1 71. Rh1+ Kg2 72. Re1 Kf2 0-1

[Event "CAN-op U2200"]
[Site "Sault Ste Marie CAN"]
[Date "2017.07.12"]
[Round "4"]
[White "Ranola, Alberto"]
[Black "Rowlinson, Terry"]
[Result "1-0"]
[WhiteElo "2075"]
[BlackElo "1837"]
[WhiteFideId "-1"]
[WhiteFideId "-1"]
[PlyCount "137"]
[GameId "2160767908344275"]
[EventDate "2017.07.08"]
[EventType "swiss"]
[EventRounds "9"]
[EventCountry "CAN"]
[SourceTitle "EXT 2022"]
[Source "ChessBase"]
[SourceDate "2021.10.06"]
[SourceVersion "1"]
[SourceVersionDate "2021.10.06"]
[SourceQuality "1"]

1. Nf3 d5 2. c4 e6 3. g3 c6 4. d4 Nf6 5. Bg2 Bb4+ 6. Bd2 Qe7 7. O-O O-O 8. Qb3 Bxd2 9. Nbxd2 Nbd7 10. Rad1 Rb8 11. Qc2 Qd6 12. e4 dxe4 13. Nxe4 Nxe4 14. Qxe4 h6 15. Rfe1 Rd8 16. Qc2 Nf6 17. Ne5 Bd7 18. h4 Be8 19. Bf3 Rdc8 20. a3 Qe7 21. b4 b5 22. Rc1 a6 23. cxb5 axb5 24. Re3 Qd6 25. Qc5 Qxc5 26. dxc5 Nd5 27. Bxd5 exd5 28. Rce1 Kf8 29. Nf3 Bd7 30. Re7 Be6 31. Ra7 Ra8 32. Rxa8 Rxa8 33. Re3 Bd7 34. Nd4 Re8 35. Rxe8+ Kxe8 36. f4 Ke7 37. Kf2 f5 38. Ke3 Kf6 39. Nf3 Be8 40. Kd4 Bd7 41. Kc3 Ke6 42. Kd3 Kf6 43. Kd4 Ke6 44. Ng1 Be8 45. Ne2 Bd7 46. Nc3 Kf6 47. a4 bxa4 48. Nxa4 g5 49. hxg5+ hxg5 50. Nc3 gxf4 51. gxf4 Ke6 52. Ne2 Bc8 53. Ng1 Bd7 54. Nf3 Kf6 55. Ne5 Be8 56. b5 cxb5 57. c6 Ke6 58. Kc5 b4 59. Nf3 b3 60. Nd4+ Ke7 61. Nxb3 Kd8 62. Kd6 Bf7 63. Nd4 Bg6 64. Kxd5 Kc7 65. Ne6+ Kc8 66. Kd6 Be8 67. Nd4 Bg6 68. c7 Bh7 69. Nc6 1-0

[Event "CAN-op U2200"]
[Site "Sault Ste Marie CAN"]
[Date "2017.07.12"]
[Round "4"]
[White "Shah, Omar"]
[Black "Selling, Edward"]
[Result "1-0"]
[WhiteElo "1879"]
[BlackElo "1845"]
[WhiteFideId "-1"]
[WhiteFideId "-1"]
[PlyCount "69"]
[GameId "2160767908344276"]
[EventDate "2017.07.08"]
[EventType "swiss"]
[EventRounds "9"]
[EventCountry "CAN"]
[SourceTitle "EXT 2022"]
[Source "ChessBase"]
[SourceDate "2021.10.06"]
[SourceVersion "1"]
[SourceVersionDate "2021.10.06"]
[SourceQuality "1"]

1. e4 c5 2. Nf3 Nc6 3. d4 cxd4 4. Nxd4 e6 5. Nc3 Qc7 6. Be3 Nf6 7. a3 a6 8. Qd2 b5 9. f3 Bb7 10. g4 h6 11. O-O-O b4 12. axb4 Bxb4 13. Kb1 Bxc3 14. Qxc3 Rc8 15. Bd3 Ne5 16. Qxc7 Rxc7 17. Bf4 Nxd3 18. Rxd3 Rc8 19. Bd6 Kd8 20. Rb3 Ba8 21. Rb6 Ne8 22. e5 Nxd6 23. exd6 h5 24. g5 g6 25. Rxa6 Rb8 26. c4 e5 27. Nb5 Bxf3 28. Re1 Re8 29. Nc7 e4 30. Nxe8 Kxe8 31. Ra3 Kf8 32. Ra7 Ke8 33. Kc2 Kd8 34. b4 Kc8 35. Kc3 1-0

[Event "CAN-op U2200"]
[Site "Sault Ste Marie CAN"]
[Date "2017.07.12"]
[Round "4"]
[White "Villeneuve, Robert"]
[Black "Lambruschini, Alex"]
[Result "1-0"]
[WhiteElo "1865"]
[BlackElo "1837"]
[WhiteFideId "-1"]
[WhiteFideId "-1"]
[PlyCount "85"]
[GameId "2160767908344277"]
[EventDate "2017.07.08"]
[EventType "swiss"]
[EventRounds "9"]
[EventCountry "CAN"]
[SourceTitle "EXT 2022"]
[Source "ChessBase"]
[SourceDate "2021.10.06"]
[SourceVersion "1"]
[SourceVersionDate "2021.10.06"]
[SourceQuality "1"]

1. e4 e5 2. Nc3 f5 3. exf5 Nf6 4. g4 h6 5. Bg2 d5 6. h3 Nc6 7. d3 Bb4 8. Bd2 Bxc3 9. Bxc3 Qd6 10. Ne2 b6 11. Ng3 Ba6 12. h4 O-O-O 13. g5 hxg5 14. hxg5 Nd7 15. Qg4 Ne7 16. O-O-O Kb8 17. Rxh8 Rxh8 18. Rh1 Rxh1+ 19. Bxh1 Bc8 20. Qh3 g6 21. fxg6 Nxg6 22. Qh6 Ndf8 23. Bf3 Qe6 24. b3 Qc6 25. Bb4 Qe8 26. Bxd5 a5 27. Bxf8 Nxf8 28. Qc6 Qxc6 29. Bxc6 Ne6 30. Ne4 Bb7 31. Bxb7 Kxb7 32. Kd2 Kc6 33. Ke3 Kd7 34. c3 Nf4 35. d4 Ke6 36. dxe5 Kxe5 37. c4 Ng2+ 38. Kf3 Nh4+ 39. Kg4 Ng6 40. Nf6 Ke6 41. f4 Ke7 42. Nd5+ Kd6 43. Kf5 1-0

[Event "CAN-op U2200"]
[Site "Sault Ste Marie CAN"]
[Date "2017.07.12"]
[Round "4"]
[White "Wang, Jeff"]
[Black "Kiviaho, Robert"]
[Result "0-1"]
[WhiteElo "1939"]
[BlackElo "2191"]
[WhiteFideId "-1"]
[WhiteFideId "-1"]
[PlyCount "112"]
[GameId "2160767908344278"]
[EventDate "2017.07.08"]
[EventType "swiss"]
[EventRounds "9"]
[EventCountry "CAN"]
[SourceTitle "EXT 2022"]
[Source "ChessBase"]
[SourceDate "2021.10.06"]
[SourceVersion "1"]
[SourceVersionDate "2021.10.06"]
[SourceQuality "1"]

1. e4 c5 2. Nf3 d6 3. d4 cxd4 4. Nxd4 Nf6 5. Nc3 g6 6. Be3 Bg7 7. f3 Nc6 8. Qd2 Bd7 9. O-O-O Rc8 10. Kb1 Ne5 11. g4 Qa5 12. Be2 Be6 13. Nxe6 fxe6 14. Bd4 Nc6 15. Bb5 O-O 16. Bxc6 Rxc6 17. Nd5 Qxd2 18. Nxf6+ Bxf6 19. Rxd2 Bxd4 20. Rxd4 Rxf3 21. Rb4 b6 22. c3 Rc5 23. Kc2 Re5 24. h3 Kf7 25. Kd2 Kf6 26. Ke2 Rf4 27. Ke3 g5 28. Re1 h5 29. gxh5 Rh4 30. Rf1+ Kg7 31. h6+ Rxh6 32. Rf3 Rh4 33. Kd3 d5 34. exd5 Rxb4 35. cxb4 Rxd5+ 36. Ke3 Rf5 37. Rg3 Kf6 38. a3 e5 39. Rg4 Rf4 40. Rg1 Kf5 41. Rd1 e4 42. Rd7 Rf3+ 43. Ke2 Rxh3 44. Rxe7 Rb3 45. Rf7+ Ke5 46. Rxa7 Rxb2+ 47. Ke3 Rb3+ 48. Ke2 Kf4 49. Rf7+ Kg3 50. Re7 Rxa3 51. Rxe4 Rb3 52. Re5 g4 53. Rb5 Kh2 54. Rxb6 g3 55. b5 g2 56. Rh6+ Rh3 0-1

[Event "CAN-op U2200"]
[Site "Sault Ste Marie CAN"]
[Date "2017.07.12"]
[Round "4"]
[White "Wu, Chenxi"]
[Black "Ning, Eric"]
[Result "0-1"]
[WhiteElo "1904"]
[BlackElo "1922"]
[WhiteFideId "-1"]
[WhiteFideId "-1"]
[PlyCount "44"]
[GameId "2160767908344279"]
[EventDate "2017.07.08"]
[EventType "swiss"]
[EventRounds "9"]
[EventCountry "CAN"]
[SourceTitle "EXT 2022"]
[Source "ChessBase"]
[SourceDate "2021.10.06"]
[SourceVersion "1"]
[SourceVersionDate "2021.10.06"]
[SourceQuality "1"]

1. e4 c5 2. Nf3 Nc6 3. d4 cxd4 4. Nxd4 g6 5. Nc3 Bg7 6. Be3 Nf6 7. Bc4 Qa5 8. Nb3 Qb4 9. Bd3 Nxe4 10. O-O Nxc3 11. bxc3 Qd6 12. Qe2 b6 13. f4 O-O 14. h4 Bb7 15. h5 e6 16. Qg4 Ne7 17. Rad1 Qc7 18. h6 Bxh6 19. Qh4 Nd5 20. Qxh6 Nxe3 21. f5 Qg3 22. Rd2 Bxg2 0-1

[Event "CAN-op U2200"]
[Site "Sault Ste Marie CAN"]
[Date "2017.07.12"]
[Round "4"]
[White "Zapata, Julian"]
[Black "Ellis, James"]
[Result "1-0"]
[WhiteElo "1876"]
[BlackElo "1853"]
[WhiteFideId "-1"]
[WhiteFideId "-1"]
[PlyCount "68"]
[GameId "2160767908344280"]
[EventDate "2017.07.08"]
[EventType "swiss"]
[EventRounds "9"]
[EventCountry "CAN"]

1. e4 e5 2. Nf3 Nc6 3. Bc4 Nf6 4. Ng5 d5 5. exd5 b5 6. Bxb5 Qxd5 7. Nc3 Qxg2 8. Qf3 Qxf3 9. Nxf3 Bd7 10. O-O Nd4 11. Bxd7+ Nxd7 12. Nxd4 exd4 13. Nb5 O-O-O 14. Nxa7+ Kb7 15. Nb5 d3 16. cxd3 Ne5 17. d4 Nd3 18. b3 c6 19. Nc3 Rxd4 20. Na4 Bd6 21. Nb2 Re8 22. Nxd3 Rxd3 23. Bb2 Re6 24. Rfe1 Rg6+ 25. Kf1 Bxh2 26. Re7+ Kb6 27. Ke2 Rgd6 28. Bc3 R3d5 29. Rxf7 Re6+ 30. Kf1 g5 31. Rxh7 Bf4 32. Re1 Red6 33. d4 Rd7 34. Rxd7 (34. Ree7 Rxe7 35. Rxe7 Rf5 36. Bb4) 34... Rxd7 1-0

[Event "CAN-op U2200"]
[Site "Sault Ste Marie CAN"]
[Date "2017.07.12"]
[Round "4"]
[White "Zhao, Ian"]
[Black "Kuttner, Simon"]
[Result "1/2-1/2"]
[WhiteElo "1930"]
[BlackElo "2040"]
[WhiteFideId "-1"]
[WhiteFideId "-1"]
[PlyCount "44"]
[GameId "2160767908344281"]
[EventDate "2017.07.08"]
[EventType "swiss"]
[EventRounds "9"]
[EventCountry "CAN"]
[SourceTitle "EXT 2022"]
[Source "ChessBase"]
[SourceDate "2021.10.06"]
[SourceVersion "1"]
[SourceVersionDate "2021.10.06"]
[SourceQuality "1"]

1. e4 c5 2. c3 e6 3. d4 d5 4. exd5 exd5 5. Nf3 Nf6 6. Bd3 Be7 7. O-O O-O 8. h3 Nc6 9. Be3 c4 10. Bc2 Be6 11. Nbd2 Qc7 12. Re1 b6 13. Ne5 Bd6 14. Bf4 Nd7 15. Nxd7 Bxd7 16. Bxd6 Qxd6 17. Qf3 Rfe8 18. Nf1 Be6 19. Ne3 Ne7 20. Rab1 Rab8 21. Nf5 Nxf5 22. Bxf5 Bxf5 1/2-1/2

[Event "CAN-op U2200"]
[Site "Sault Ste Marie CAN"]
[Date "2017.07.13"]
[Round "5"]
[White "Aird, Ian"]
[Black "Chernik, Dmitry"]
[Result "0-1"]
[WhiteElo "1978"]
[BlackElo "2041"]
[WhiteFideId "-1"]
[WhiteFideId "-1"]
[PlyCount "40"]
[GameId "2160767908344282"]
[EventDate "2017.07.08"]
[EventType "swiss"]
[EventRounds "9"]
[EventCountry "CAN"]
[SourceTitle "EXT 2022"]
[Source "ChessBase"]
[SourceDate "2021.10.06"]
[SourceVersion "1"]
[SourceVersionDate "2021.10.06"]
[SourceQuality "1"]

1. c4 e5 2. Nc3 Nc6 3. Nf3 f5 4. d4 e4 5. Ng5 Nf6 6. e3 d6 7. Be2 g6 8. Nh3 Bh6 9. O-O O-O 10. f3 Ne7 11. d5 Bd7 12. fxe4 fxe4 13. Nf2 Nf5 14. Nfxe4 Bxe3+ 15. Kh1 Nxe4 16. Nxe4 Qh4 17. Bf3 Rae8 18. Bxe3 Nxe3 19. Qe1 Qxe1 20. Rfxe1 Nc2 0-1

[Event "CAN-op U2200"]
[Site "Sault Ste Marie CAN"]
[Date "2017.07.13"]
[Round "5"]
[White "Botez, Andrea"]
[Black "Rowlinson, Terry"]
[Result "1-0"]
[WhiteElo "1887"]
[BlackElo "1837"]
[WhiteFideId "-1"]
[WhiteFideId "-1"]
[PlyCount "57"]
[GameId "2160767908344283"]
[EventDate "2017.07.08"]
[EventType "swiss"]
[EventRounds "9"]
[EventCountry "CAN"]
[SourceTitle "EXT 2022"]
[Source "ChessBase"]
[SourceDate "2021.10.06"]
[SourceVersion "1"]
[SourceVersionDate "2021.10.06"]
[SourceQuality "1"]

1. d4 d5 2. Bf4 Nf6 3. e3 c6 4. Nf3 Qb6 5. b3 Bf5 6. Bd3 e6 7. O-O Nbd7 8. Bxf5 exf5 9. Qd3 Ne4 10. Ne5 Nxe5 11. Bxe5 f6 12. Bf4 g6 13. f3 Nd6 14. c4 Qa6 15. Nd2 b5 16. c5 Nf7 17. a4 Qb7 18. axb5 cxb5 19. e4 fxe4 20. fxe4 dxe4 21. Qxe4+ Qxe4 22. Nxe4 Be7 23. Nc3 b4 24. Nb5 Kd7 25. Nxa7 f5 26. c6+ Ke6 27. Rfe1+ Kf6 28. d5 Bd6 29. Re6+ 1-0

[Event "CAN-op U2200"]
[Site "Sault Ste Marie CAN"]
[Date "2017.07.13"]
[Round "5"]
[White "Ehab, Mohamed"]
[Black "Javidfard, Amirsalar"]
[Result "0-1"]
[WhiteElo "2057"]
[BlackElo "1958"]
[WhiteFideId "-1"]
[WhiteFideId "-1"]
[PlyCount "102"]
[GameId "2160767908344284"]
[EventDate "2017.07.08"]
[EventType "swiss"]
[EventRounds "9"]
[EventCountry "CAN"]
[SourceTitle "EXT 2022"]
[Source "ChessBase"]
[SourceDate "2021.10.06"]
[SourceVersion "1"]
[SourceVersionDate "2021.10.06"]
[SourceQuality "1"]

1. c4 e6 2. Nf3 d5 3. d4 Nf6 4. g3 Be7 5. Bg2 O-O 6. O-O dxc4 7. Qc2 a6 8. Qxc4 b5 9. Qc2 Bb7 10. Bd2 Nc6 11. e3 Nb4 12. Bxb4 Bxb4 13. a3 Bd6 14. Nbd2 Ra7 15. Ng5 Bxg2 16. Kxg2 Qe7 17. f4 h6 18. Ngf3 c5 19. e4 cxd4 20. Nxd4 Rc7 21. Qd3 Bc5 22. N2f3 Rd8 23. e5 Rcd7 24. exf6 Qxf6 25. Rad1 Bxd4 26. Qe4 Rd5 27. Nxd4 Rxd4 28. Rxd4 Qxd4 29. Qxd4 Rxd4 30. Rf2 b4 31. axb4 Rxb4 32. Rc2 g5 33. fxg5 hxg5 34. Kf3 Kg7 35. Ke3 f5 36. Kd3 f4 37. gxf4 gxf4 38. Rc6 Kf6 39. Rxa6 Rxb2 40. Ke4 Rb4+ 41. Kf3 Kf5 42. h4 e5 43. h5 e4+ 44. Kg2 f3+ 45. Kg3 Rb2 46. Ra5+ Kf6 47. Ra6+ Kg5 48. Ra5+ Kh6 49. Re5 Rg2+ 50. Kh3 Rg1 51. Rf5 e3 0-1

[Event "CAN-op U2200"]
[Site "Sault Ste Marie CAN"]
[Date "2017.07.13"]
[Round "5"]
[White "Ellis, James"]
[Black "Wu, Chenxi"]
[Result "1-0"]
[WhiteElo "1853"]
[BlackElo "1904"]
[WhiteFideId "-1"]
[WhiteFideId "-1"]
[PlyCount "53"]
[GameId "2160767908344285"]
[EventDate "2017.07.08"]
[EventType "swiss"]
[EventRounds "9"]
[EventCountry "CAN"]
[SourceTitle "EXT 2022"]
[Source "ChessBase"]
[SourceDate "2021.10.06"]
[SourceVersion "1"]
[SourceVersionDate "2021.10.06"]
[SourceQuality "1"]

1. d4 Nf6 2. c4 e6 3. Nf3 b6 4. a3 Bb7 5. Nc3 d6 6. Qc2 Be7 7. e4 Nbd7 8. h3 e5 9. Be2 O-O 10. O-O c6 11. Re1 Re8 12. b4 exd4 13. Nxd4 d5 14. exd5 cxd5 15. Bf4 Nf8 16. Rad1 Ng6 17. Bg3 Bd6 18. Bxd6 Qxd6 19. Bf3 Ne5 20. Bxd5 Nxd5 21. Nxd5 Nxc4 22. Rxe8+ Rxe8 23. Nf5 Qe5 24. Qxc4 g6 25. Nh6+ Kg7 26. Ng4 Qh5 27. Qd4+ 1-0

[Event "CAN-op U2200"]
[Site "Sault Ste Marie CAN"]
[Date "2017.07.13"]
[Round "5"]
[White "Groot-Lipman, Jeff"]
[Black "Wang, Jeff"]
[Result "1/2-1/2"]
[WhiteElo "1909"]
[BlackElo "1939"]
[WhiteFideId "-1"]
[WhiteFideId "-1"]
[PlyCount "34"]
[GameId "2160767908344286"]
[EventDate "2017.07.08"]
[EventType "swiss"]
[EventRounds "9"]
[EventCountry "CAN"]
[SourceTitle "EXT 2022"]
[Source "ChessBase"]
[SourceDate "2021.10.06"]
[SourceVersion "1"]
[SourceVersionDate "2021.10.06"]
[SourceQuality "1"]

1. f4 Nf6 2. Nf3 g6 3. e3 d5 4. d4 c5 5. c3 Bg7 6. Be2 b6 7. O-O O-O 8. Qe1 Ba6 9. Bxa6 Nxa6 10. Nbd2 Qc8 11. e4 dxe4 12. Nxe4 cxd4 13. Nxf6+ Bxf6 14. Nxd4 Bxd4+ 15. cxd4 Qd7 16. Be3 f5 17. Rd1 Qd5 1/2-1/2

[Event "CAN-op U2200"]
[Site "Sault Ste Marie CAN"]
[Date "2017.07.13"]
[Round "5"]
[White "Lambruschini, Alex"]
[Black "Zapata, Julian"]
[Result "0-1"]
[WhiteElo "1837"]
[BlackElo "1876"]
[WhiteFideId "-1"]
[WhiteFideId "-1"]
[PlyCount "148"]
[GameId "2160767908344287"]
[EventDate "2017.07.08"]
[EventType "swiss"]
[EventRounds "9"]
[EventCountry "CAN"]
[SourceTitle "EXT 2022"]
[Source "ChessBase"]
[SourceDate "2021.10.06"]
[SourceVersion "1"]
[SourceVersionDate "2021.10.06"]
[SourceQuality "1"]

1. Nf3 Nc6 2. d4 e6 3. e4 d5 4. e5 Nge7 5. Bg5 h6 6. Bd2 a6 7. Nc3 Nf5 8. Ne2 Bd7 9. h4 h5 10. c3 Na5 11. Qc2 Nc4 12. Bc1 c5 13. b3 Nb6 14. dxc5 Bxc5 15. Bb2 Rc8 16. Nf4 d4 17. c4 Bb4+ 18. Kd1 Bc6 19. Ng5 Bd7 20. g3 Nd5 21. Ng2 Nc3+ 22. Kc1 Bc6 23. Rg1 b5 24. Nf4 Bd7 25. Nd3 bxc4 26. Nxb4 cxb3 27. axb3 Ne2+ 28. Bxe2 Rxc2+ 29. Kxc2 Qc7+ 30. Bc4 O-O 31. Nxa6 Qxe5 32. Rae1 Qa5 33. Ra1 Qe5 34. Ba3 d3+ 35. Bxd3 Nd4+ 36. Kb1 Nxb3 37. Bb2 Qd6 38. Rd1 Qb6 39. Ra3 Bb5 40. Bh7+ Kh8 41. Rxb3 Qxa6 42. Bd3 Bxd3+ 43. Rdxd3 f6 44. Ne4 Qc6 45. Nd2 Rc8 46. Rbc3 Qh1+ 47. Kc2 Rb8 48. Nf3 Qf1 49. Rd2 Qb5 50. Kb1 e5 51. Rdc2 Qf1+ 52. Ka2 Ra8+ 53. Ba3 Kh7 54. Rb3 Rd8 55. Rbb2 Rd1 56. Rb3 Ra1+ 57. Kb2 Rb1+ 58. Kc3 Rxb3+ 59. Kxb3 Qb5+ 60. Kc3 Qc6+ 61. Kd2 Qxf3 62. Bc5 Qd5+ 63. Kc1 g5 64. hxg5 fxg5 65. Be3 Qh1+ 66. Kd2 Kg6 67. Rc8 Qd5+ 68. Ke1 Qa5+ 69. Bd2 Qa1+ 70. Rc1 Qa6 71. Be3 h4 72. gxh4 gxh4 73. Rc5 h3 74. Rxe5 Qa1+ 0-1

[Event "CAN-op U2200"]
[Site "Sault Ste Marie CAN"]
[Date "2017.07.13"]
[Round "5"]
[White "Saine, Zachary"]
[Black "Ranola, Alberto"]
[Result "0-1"]
[WhiteElo "1966"]
[BlackElo "2075"]
[WhiteFideId "-1"]
[WhiteFideId "-1"]
[PlyCount "80"]
[GameId "2160767908344289"]
[EventDate "2017.07.08"]
[EventType "swiss"]
[EventRounds "9"]
[EventCountry "CAN"]
[SourceTitle "EXT 2022"]
[Source "ChessBase"]
[SourceDate "2021.10.06"]
[SourceVersion "1"]
[SourceVersionDate "2021.10.06"]
[SourceQuality "1"]

1. e4 c5 2. Nf3 Nc6 3. d4 cxd4 4. Nxd4 Nf6 5. Nc3 e5 6. Ndb5 d6 7. Nd5 Nxd5 8. exd5 Ne7 9. c4 Nf5 10. Bd3 Be7 11. O-O O-O 12. b4 a6 13. Nc3 Nd4 14. Be3 f5 15. f3 Bf6 16. Rc1 b6 17. Bb1 Re8 18. Qd2 Ra7 19. f4 Rc7 20. fxe5 dxe5 21. Ne2 Rce7 22. Bxd4 exd4 23. Nxd4 Bxd4+ 24. Qxd4 Re2 25. Rc2 Qg5 26. g3 Qh6 27. Qh4 Qe3+ 28. Kh1 Rxc2 29. Bxc2 Qe2 30. Qf4 Qxc2 31. g4 Qe4+ 32. Qxe4 Rxe4 33. c5 Rd4 34. Re1 Kf7 35. Re5 Rxd5 36. Rxd5 Bb7 37. gxf5 bxc5 38. bxc5 Bxd5+ 39. Kg1 Bxa2 40. Kf2 Bd5 0-1

[Event "CAN-op U2200"]
[Site "Sault Ste Marie CAN"]
[Date "2017.07.13"]
[Round "5"]
[White "Selling, Edward"]
[Black "Kuryliw, Ray"]
[Result "0-1"]
[WhiteElo "1845"]
[BlackElo "1838"]
[WhiteFideId "-1"]
[WhiteFideId "-1"]
[PlyCount "52"]
[GameId "2160767908344290"]
[EventDate "2017.07.08"]
[EventType "swiss"]
[EventRounds "9"]
[EventCountry "CAN"]
[SourceTitle "EXT 2022"]
[Source "ChessBase"]
[SourceDate "2021.10.06"]
[SourceVersion "1"]
[SourceVersionDate "2021.10.06"]
[SourceQuality "1"]

1. d4 Nf6 2. Nf3 g6 3. Bf4 Bg7 4. h3 d6 5. e3 c5 6. c3 b6 7. Bb5+ Bd7 8. Qa4 O-O 9. Bxd7 Qxd7 10. Qc2 Nc6 11. O-O Rfc8 12. dxc5 bxc5 13. Nbd2 Qb7 14. Rab1 a5 15. Nc4 Qa6 16. b3 Nd5 17. Bg3 Nxc3 18. Rbc1 Nb4 19. Qd2 Ne4 20. Qe2 d5 21. a3 Nc6 22. Qd3 Nxg3 23. fxg3 dxc4 24. bxc4 Ra7 25. Ng5 Ne5 26. Qd5 Qc6 0-1

[Event "CAN-op U2200"]
[Site "Sault Ste Marie CAN"]
[Date "2017.07.13"]
[Round "5"]
[White "Warusawitharana, Missaka N"]
[Black "Gaisinsky, Adam"]
[Result "0-1"]
[WhiteElo "2178"]
[BlackElo "2056"]
[WhiteFideId "-1"]
[WhiteFideId "-1"]
[PlyCount "90"]
[GameId "2160767908344292"]
[EventDate "2017.07.08"]
[EventType "swiss"]
[EventRounds "9"]
[EventCountry "CAN"]
[SourceTitle "EXT 2022"]
[Source "ChessBase"]
[SourceDate "2021.10.06"]
[SourceVersion "1"]
[SourceVersionDate "2021.10.06"]
[SourceQuality "1"]

1. e4 e5 2. Nf3 Nc6 3. Bb5 a6 4. Ba4 Nf6 5. O-O b5 6. Bb3 d6 7. c3 Be7 8. Re1 O-O 9. h3 Na5 10. Bc2 c5 11. d4 Qc7 12. Nbd2 Bd7 13. d5 Rab8 14. Nf1 c4 15. N3h2 b4 16. f4 b3 17. axb3 cxb3 18. Bd3 Bb5 19. Nf3 Nd7 20. Kh1 Nc5 21. Bb1 Nc4 22. Ne3 a5 23. Nxc4 Bxc4 24. Be3 Bf6 25. fxe5 dxe5 26. d6 Qb6 27. Qd2 Rfd8 28. Rd1 Rd7 29. Qf2 Rc8 30. Bd3 Bxd3 31. Rxd3 Nxd3 32. Bxb6 Nxf2+ 33. Bxf2 Rxd6 34. Bg3 Rcd8 35. Rxa5 Rd1+ 36. Kh2 Rb1 37. Nxe5 Bxe5 38. Bxe5 Rxb2 39. c4 Re2 40. c5 f6 41. Bd6 Rxe4 42. Rb5 Re3 43. Bf4 Rc3 44. c6 Rxc6 45. Rxb3 Rd7 0-1

[Event "CAN-op U2200"]
[Site "Sault Ste Marie CAN"]
[Date "2017.07.13"]
[Round "5"]
[White "Xu, Ruoying"]
[Black "Shah, Omar"]
[Result "1-0"]
[WhiteElo "2064"]
[BlackElo "1879"]
[WhiteFideId "-1"]
[WhiteFideId "-1"]
[PlyCount "77"]
[GameId "2160767908344293"]
[EventDate "2017.07.08"]
[EventType "swiss"]
[EventRounds "9"]
[EventCountry "CAN"]
[SourceTitle "EXT 2022"]
[Source "ChessBase"]
[SourceDate "2021.10.06"]
[SourceVersion "1"]
[SourceVersionDate "2021.10.06"]
[SourceQuality "1"]

1. d4 Nf6 2. Nf3 e6 3. Bg5 Be7 4. e3 d5 5. Bd3 Nbd7 6. Nbd2 b6 7. O-O O-O 8. c3 h6 9. Bh4 c5 10. Ne5 Nxe5 11. dxe5 Nd7 12. Bg3 Bh4 13. f4 Bxg3 14. hxg3 d4 15. exd4 cxd4 16. Be4 dxc3 17. Bxa8 Ba6 18. Bf3 cxb2 19. Rb1 Nc5 20. Nb3 Nd3 21. Be4 Qd7 22. Bxd3 Bxd3 23. Rxb2 Qb5 24. Re1 Rd8 25. Rd2 Rd5 26. Re3 Bc4 27. Rxd5 exd5 28. Kh2 a5 29. Nd4 Qb2 30. a4 Qf2 31. Qe1 Qb2 32. Qc3 Qf2 33. Rf3 Qa2 34. e6 fxe6 35. Nxe6 d4 36. Nxd4 Bd5 37. Nf5 Kf7 38. Qxg7+ Ke6 39. Re3+ 1-0

[Event "CAN-op U2200"]
[Site "Sault Ste Marie CAN"]
[Date "2017.07.13"]
[Round "5.21"]
[White "Aniunoh, Chike Jude"]
[Black "Kang, Dorian"]
[Result "1-0"]
[WhiteElo "2142"]
[BlackElo "2026"]
[WhiteFideId "-1"]
[WhiteFideId "-1"]
[PlyCount "99"]
[GameId "2160767908344294"]
[EventDate "2017.07.08"]
[EventType "swiss"]
[EventRounds "9"]
[EventCountry "CAN"]
[SourceTitle "EXT 2022"]
[Source "ChessBase"]
[SourceDate "2021.10.06"]
[SourceVersion "1"]
[SourceVersionDate "2021.10.06"]
[SourceQuality "1"]

1. e4 c5 2. Nc3 Nc6 3. Bb5 Nd4 4. Bc4 e6 5. Nf3 Nf6 6. O-O d5 7. exd5 exd5 8. Nxd4 dxc4 9. Re1+ Be7 10. Nf3 a6 11. a4 h6 12. Ne5 Be6 13. Qe2 O-O 14. Nxc4 Re8 15. d3 Qc7 16. Qe5 Bxc4 17. Qxc7 Bd6 18. Bf4 Bxc7 19. Bxc7 Be6 20. a5 Rac8 21. Be5 Nd5 22. Nxd5 Bxd5 23. Bd6 c4 24. d4 f6 25. f3 Kf7 26. Kf2 Rxe1 27. Kxe1 Ke6 28. Bc5 Kd7 29. Kd2 Kc6 30. Re1 Rc7 31. Re8 Rd7 32. Rc8+ Kb5 33. Bb6 Bc6 34. Kc3 Re7 35. d5 Be8 36. d6 Re2 37. Rxe8 Rxe8 38. d7 Rf8 39. d8=Q Rxd8 40. Bxd8 h5 41. Kd4 Kb4 42. h4 Kb5 43. g4 g6 44. gxh5 gxh5 45. f4 Kb4 46. f5 Kb5 47. c3 Ka4 48. Bxf6 Kxa5 49. Bd8+ Kb5 50. f6 1-0

[Event "CAN-op U2200"]
[Site "Sault Ste Marie CAN"]
[Date "2017.07.13"]
[Round "5.22"]
[White "Piccinin, Mario"]
[Black "Calvelo, Jelvis"]
[Result "0-1"]
[WhiteElo "1826"]
[BlackElo "2187"]
[WhiteFideId "-1"]
[WhiteFideId "-1"]
[PlyCount "62"]
[GameId "2160767908344295"]
[EventDate "2017.07.08"]
[EventType "swiss"]
[EventRounds "9"]
[EventCountry "CAN"]
[SourceTitle "hb 2017"]

1. f4 Nf6 2. Nf3 g6 3. e3 Bg7 4. Be2 O-O 5. O-O b6 6. d3 d5 7. Nc3 Bb7 8. Qe1 c5 9. Nd1 Qd6 10. Qh4 Nbd7 11. Nf2 e5 12. e4 Rae8 13. f5 dxe4 14. dxe4 gxf5 15. exf5 e4 16. Ng5 h6 17. Ngh3 e3 18. Ng4 Nxg4 19. Qxg4 Nf6 20. Qh4 Re4 21. Rf4 Rfe8 22. Bd3 e2 23. Bd2 Qd4+ 24. Kh1 c4 25. Bc3 Qxc3 26. bxc3 cxd3 27. Rxe4 Rxe4 28. Qe1 Rg4 29. Nf2 Rxg2 30. cxd3 Rxf2+ 31. Kg1 Rg2+ 0-1